[Event "WchT U20 Girls 3rd"]
[Site "Rio de Janeiro"]
[Date "2000.08.07"]
[Round "1"]
[White "Sanchez Castillo, Sarai Carolina"]
[Black "Brizuela, Carina"]
[Result "1-0"]
[WhiteElo "2093"]
[BlackElo "2000"]
[PlyCount "43"]
[EventDate "2000.08.??"]
[EventType "team"]
[EventRounds "5"]
[EventCountry "BRA"]
[SourceTitle "EXT 2004"]
[Source "ChessBase"]
[SourceDate "2003.11.25"]
[SourceVersion "1"]
[SourceVersionDate "2003.11.25"]
[SourceQuality "1"]

1. e4 e5 2. d4 Nc6 3. dxe5 Nxe5 4. f4 Nc6 5. Nf3 d6 6. Nc3 Bg4 7. Bc4 Qd7 8. Be3 Nf6 9. h3 Bh5 10. g4 Nxg4 11. hxg4 Bxg4 12. Be2 Na5 13. Qd5 c5 14. f5 f6 15. 0-0-0 0-0-0 16. Ne5 Qe7 17. Nxg4 Qc7 18. Nf2 Nc6 19. a3 Ne7 20. Qe6+ Kb8 21. Nb5 Qb6 22. Rxd6 1-0